Culture Générale - Série 1963 - Statistiques

Statistiques générales
  • Ce quiz a été pris 97 fois
  • Le résultat moyen est 3 sur 10
Statistiques - réponses
Question Réponse % Correct
Quel physicien suédois a donné son nom à l'échelle de températures relatives connue sous le nom d'échelle de température centigrade Celsius
74%
Ce mot désigne un meuble et un employé de bureau secrétaire
60%
Quel fromage des Pays Bas tire son nom de la ville où il était traditionnellement commercialisé ? gouda
53%
Quel nom donne-t-on au mélange de thé noir aromatisé à la bergamote ? earl grey
36%
Ce mot désigne la cuisse de chevreuil et une danse traditionnelle écossaise gigue
34%
On l'appelle "rose de Noêl", rose de Carème ou "herbe aux fous" voir photo ellébore
16%
En biologie : mécanisme permettant aux cellules d'internaliser et de digérer des particules et des micro-organismes. phagocytose
16%
Au Moyen Âge, officier dont les fonctions étaient la transmission des messages, les proclamations solennelles. héraut
10%
Sous quel nom connait-on mieux la plante aromatique "serpentine" ? estragon
1%
Quel anglicisme désigne un engin de travaux publics muni de dents métalliques pour défoncer les terrains durs ripper
0%
Aucun quiz correspondant
Distribution des résultats
% des personnes avec chaque résultat
Percentile par nombre de réponses
Votre historique - résultats
Vous n’avez pas pris ce quiz